000 00423nab a2200145Ia 4500
003 ES-SlBCS
005 20210601125239.0
008 140529s1978 xxu||||| |||| 00| 0 eng d
041 _aeng
100 1 _aBek, Kim H.
_9155925
245 0 4 _aThe Limits of Possibility
_c Kim H. Bek
650 0 4 _aPosibilidad
_9155926
773 0 _tPhilosophy and Phenomenological Research
_gvol. 38, 1978, págs. 514-523
_wRev1411
942 _cAR
999 _c527180
_d527180